| Tag |
First Indicator |
Second Indicator |
Subfields |
| LEADER |
00000cam a2200000Ii 4500 |
| 001 |
in00004164607 |
| 008 |
190405s2019 nyua 000 m eng d |
| 005 |
20250318215402.9 |
| 020 |
|
|
|a 9781643620152
|
| 020 |
|
|
|a 1643620150
|
| 035 |
|
|
|a (OCoLC)on1091585715
|
| 035 |
|
|
|a (OCoLC)1091585715
|
| 040 |
|
|
|a YDX
|b eng
|e rda
|c YDX
|d SFR
|d BDX
|d YDXIT
|d UtOrBLW
|
| 050 |
|
4 |
|a PS3551.B267
|b A6 2019
|
| 082 |
0 |
4 |
|a 818/.5409
|2 23
|
| 100 |
1 |
|
|a Abbott, Steve,
|d 1943-1992,
|e author.
|0 http://id.loc.gov/authorities/names/n78085524
|
| 240 |
1 |
0 |
|a Works.
|k Selections
|
| 245 |
1 |
0 |
|a Beautiful aliens :
|b a Steve Abbott reader /
|c edited by Jamie Townsend ; afterword by Alysia Abbott.
|
| 264 |
|
1 |
|a New York :
|b Nightboat Books,
|c [2019]
|
| 300 |
|
|
|a xxii, 330 pages :
|b illustrations ;
|c 21 cm
|
| 336 |
|
|
|a text
|b txt
|2 rdacontent
|
| 337 |
|
|
|a unmediated
|b n
|2 rdamedia
|
| 338 |
|
|
|a volume
|b nc
|2 rdacarrier
|
| 520 |
|
|
|a "Beautiful Aliens: A Steve Abbott Reader is a landmark collection representing the visionary life's work of beloved Bay Area luminary Steve Abbott. It brings together a broad cross-section of literary and artistic work spanning three decades of poetry, fiction, collage, comics, essays, and autobiography, including underground classics like, Lives of the Poets and Holy Terror, rare pieces of treasured ephemera, and previously unpublished material, representing a survey of Abbott's multivalent practice, as well as reinforcing his essential role within the contemporary canon of queer arts"--
|c Publisher's description.
|
| 505 |
0 |
|
|a Lives of the poets -- From Lost causes -- From Wrecked hearts -- The malcontent -- From Stretching the agape bra -- Uncollected poems -- Writing my first novel -- From Holy terror -- Essays -- Famous last words -- Illustrated poems & comics -- Living an unplanned life -- Skinny trip to a far place -- Afterword / by Alysia Abbott.
|
| 650 |
|
0 |
|a Gay men's writings, American
|y 20th century.
|
| 650 |
|
0 |
|a Gay men
|v Poetry.
|0 http://id.loc.gov/authorities/subjects/sh2008105069
|
| 650 |
|
0 |
|a Gay men
|v Fiction.
|0 http://id.loc.gov/authorities/subjects/sh2008105062
|
| 650 |
|
0 |
|a American essays
|y 20th century.
|0 http://id.loc.gov/authorities/subjects/sh2007101030
|
| 655 |
|
7 |
|a Gay comics.
|2 lcgft
|0 http://id.loc.gov/authorities/genreForms/gf2018026011
|
| 655 |
|
7 |
|a Gay fiction.
|2 lcgft
|0 http://id.loc.gov/authorities/genreForms/gf2017026122
|
| 655 |
|
7 |
|a Gay poetry.
|2 lcgft
|0 http://id.loc.gov/authorities/genreForms/gf2018026002
|
| 700 |
1 |
|
|a Townsend, Jamie,
|e editor.
|0 http://id.loc.gov/authorities/names/no2019088524
|
| 700 |
1 |
|
|a Abbott, Alysia,
|e writer of afterword.
|0 http://id.loc.gov/authorities/names/n2013021176
|
| 852 |
8 |
|
|b pda,print
|z This title is available for the library to purchase for your use. Click the "Purchase It For Me" button to place a request. This item may take 5-10 business days to arrive.
|
| 955 |
|
|
|a Print PDA title
|
| 961 |
|
|
|m 565730
|
| 999 |
f |
f |
|s 1ef41b81-82a8-4919-a10c-c280a76332ff
|i fd31755c-669d-355d-a5c9-ccce766b0627
|t 0
|
| 952 |
f |
f |
|a Texas A&M University
|b College Station
|c Sterling C. Evans Library
|d Purchase on Demand
|t 0
|e PS3551.B267 A6 2019
|h Library of Congress classification
|
| 998 |
f |
f |
|a PS3551.B267 A6 2019
|t 0
|l Purchase on Demand
|